Регионална библиотека "Любен Каравелов" - Русе

[Стар] Star Wars: Тъмната сила Кн.2 (Запис номер 31914)

MARC детайли
000 -Лидер
Контролно поле с фиксирана дължина 01442nam a2200373 c 4500
003 - Код на организацията, давaща контролен номер
Контролно поле BLK
005 - Дата и час на последна редакция
Контролно поле 20250531110133.0
008 - Елементи от данни с фиксирана дължина
fixed length control field 180407b bul|||||r ||||||| ||bul||
010 ## - Наследен системен номер
LC control number KNG00034580000
020 ## - Международен стандартен номер на книга ISBN
Международен стандартен номер на книга ISBN 954-528-216-9
040 ## - Източник на каталожния запис
Идентификатор на билиотеката - собственик на записа BLK
041 ## - Код за език
Код за езика на текст/звукозапис или на отделно заглавие Български
Код за езика КДБФ Български
080 ## - УДК
Текстов определител УДК Американска литература (на САЩ)
УДК код - определител по УДК 821.111(73)
УДК определител -312.9
УДК - код + определител 821.111(73)-312.9
100 1# - Редна дума - Автор
Автор Зан, Тимъти
Авторска отговорност първи автор
R(LIN) 254542
139 ## - Редно поле
Редна дума Зан, Тимъти
Авторски знак Зан - З 31
245 10 - Сведения за заглавието
Заглавие [Стар] Star Wars: Тъмната сила Кн.2
Подзаглавни данни Роман : Кн. 1 -
Редно поле (дума) Тимъти Зан; прев. Владимир Георгиев Молев.
Том Кн. 2
Заглавие на том Тъмната сила
257 ## - Страна на издаване
Страна на създаване/издаване Съединени американски щати
260 ## - Област на издателските данни
Година на издаване 2001 -
Печатница София : Миско принт
300 ## - Физическа характеристика
Размери/Мащаб 20 см
380 ## - Жанр
Жанр Худож. лит.
500 ## - Общи забележки
Забележка Офс. изд.
653 ## - Ключова дума – ненормативна
Ключова дума романи
653 ## - Ключова дума – ненормативна
Ключова дума Star Wars
653 ## - Ключова дума – ненормативна
Ключова дума фантастика
700 1# - Други автори (авторска отговорност)
Лично име Молев, Владимир Георгиев
Автороска отговорност (Описва отношението между автора и произведението) прев.
9 (RLIN) 98667
760 1# - Описание на основната серия
Редна дума на основното описание Зан, Тимъти
Място на издаване, издател и година Труд, 2001
Страници - том 432 с.
Забележка - том Ориг. загл. Star Wars - Dark Force Rising / Timothy Zahn.
Заглавие Кн. 2 Тъмната сила
852 ## - Местоположение
Форматна сигнатура Цб 206963
856 4# - Електронен адрес и достъп
Електронен формат pdf - файл
856 4# - Електронен адрес и достъп
Електронен формат pdf - файл
999 ## - СИСТЕМНИ КОНТРОЛНИ НОМЕРА
Koha biblionumber 31914
Koha biblioitemnumber 31914
942 ## - АРТИКУЛИ
Вид на библиотечния материал Книги
Скрит в OPAC Не
Koha issues (borrowed), all copies 8
944 ## - СЪЗДАВАНЕ И РЕДАКЦИЯ на ЗАПИСА
Създаване/Редакция Създаване
Дата на регистрацията/редакция 15.01.2003
Статус, дата на статуса Нора Радева
Служител, извършил регистрацията/редакцията 30545
944 ## - СЪЗДАВАНЕ И РЕДАКЦИЯ на ЗАПИСА
Създаване/Редакция Редакция
Дата на регистрацията/редакция 15.06.2017
Статус, дата на статуса ф /
Служител, извършил регистрацията/редакцията Людмила_Стоянова
999 ## - СИСТЕМНИ КОНТРОЛНИ НОМЕРА
Koha biblioitemnumber 31914
Наличности
Код за отписване Код за изгубен артикул Източник на класификационната схема Код за повреда Коз за рестрикции Код за отдаване Артикулен № Име на библиотеката - собственик Име на библиотеката, в която се намира в момента Статус (Текущо местоположение) Дата на вписване в системата Местоположение - отдел Цена в лева Инвентарен номер Систематично азбучна сигнатура Баркод Номер на екземпляра Цена в евро Служебна бележка Служебен тип на артикула
  Не е изгубен Universal Decimal Classification Не е повреден без рестрикции ползва се в читалня 50805 Регионална библиотека "Любен Каравелов" Русе Регионална библиотека "Любен Каравелов" Русе Хранилище 2001-01-01 Хранилище 6.99 667239 Цб 206963 120000667239 1 3.57 Дост: Dp Вид: Д N: 33 Дата: 01.01.2001 Книги
Изтеглен Не е изгубен Universal Decimal Classification Не е повреден без рестрикции заемане за дома 50806 Регионална библиотека "Любен Каравелов" Русе Регионална библиотека "Любен Каравелов" Русе Заемна - подръчен фонд 2007-06-28 Заемна - подръчен фонд 6.99 120000715100 П 820(73)-31/З 31 120000715100 2 3.57 Дост: DA Вид: А N: 5 Дата: 28.06.2007 Дата инв: 14.02.2018 Бележки инв: П2018 Книги
  Не е изгубен Universal Decimal Classification Не е повреден без рестрикции заемане за дома 50807 Регионална библиотека "Любен Каравелов" Русе Регионална библиотека "Любен Каравелов" Русе Заемна - подръчен фонд 2017-05-26 Заемна - подръчен фонд 5.00 120000811701 П 820(73)-31/З 31 120000811701 3 2.56 Дост: Pk Вид: Ф N: 490 Дата: 26.05.2017 Книги
Vip Innovations Ltd, Rousse, Bulgaria 2025